000 01187nam a2200313 a 4500
005 20240805094506.0
008 100623e2003||||sp a f |||| 001 0 spa d
020 _a8479035323
041 _aspa
092 _c611.022
_l69
_sPUT
100 1 _aPutz, Reinhard V.
_eEd.
_91178
245 _aSobotta. Atlas de Anatomía Humana.
_bT.2 Tronco, Vísceras y Miembro Inferior /
_cReinhard V. Putz
250 _a21 a ed. 3a reimp. en español
_bTraducción Alfonso Llamas ; José Luís Velayos e Ignacio Navascués.
260 _aMadrid:
_bEditorial Médica Panamericana;
_c2003.
300 _a401 p.
_b755 ilustraciones ; 40 cuadros
500 _aPutz, R., Pabst, R. (Eds.) y Putz, R. (Col.). (2003). Sobotta. Atlas de anatomía humana. T.2 Tronco, Vísceras y Miembro Inferior. (21a ed.). Madrid : Editorial Médica Panamericana.
653 _aDorso del tronco
653 _aPared torácica y abdominal
653 _aTórax
653 _aVísceras abdominales y pelvianas
653 _aMiembro inferior
700 1 _aPabst, Reinhard
_eEd.
_91179
700 1 _aPutz, Renate
_eCol.
_94090
930 _a579
930 _a581
930 _a1634
930 _a580
942 _2ddc
_cBK
999 _c3190
_d3190